000 00968nam a22002657a 4500
999 _c64577
_d64577
005 20240530110739.0
008 180904s2007 ua a g b 000 0 ara d
017 _bمصر. دار الكتب
_a2007/23725
020 _a9774087615
040 _aEG-CaGPL
_cEG-CaGPL
082 0 4 _221
_a219.9 \
_bج م
100 0 _aجاد الحق على جاد الحق
245 1 0 _aمنهج الاسلام فى التربية والاصلاح /
_cتأليف جاد الحق على جاد الحق
250 _aط.1
260 _aالقاهرة :
_bدار الفاروق للنشر والتوزيع،
_c2008 .
300 _a136 ص. ؛
_c24 سم.
650 0 7 _aالاسلام
_2qrmak
650 0 7 _aالاسلام والسياسة
_2qrmak
650 0 7 _2الصيام
650 0 7 _aالتربية الاسلامية
_2qrmak
650 0 7 _aالثقافة الاسلامية
_2qrmak
651 _2qrmak
942 _2ddc
_cBK